Statistics for The Spiderman Quiz

Click here to take the quiz!

General Stats

  • This quiz has been taken 33,309 times
  • The average score is 15 of 21

Answer Stats

HintAnswer% Correct
His alter-egoPeter Parker
88%
City he lives inNew York City
88%
VillainDoctor Octopus
82%
VillainVulture
82%
His uncleUncle Ben
80%
Newspaper where he worksDaily Bugle
79%
His best friendHarry Osborn
79%
VillainVenom
75%
Actors who played Spider-ManAndrew Garfield
74%
VillainSandman
73%
VillainGreen Goblin
71%
His auntAunt May
71%
With great power comes ...Great Responsibility
71%
His love interestsMary Jane Watson
69%
Corporation inherited by the aboveOscorp
69%
Actors who played Spider-ManTobey Maguire
68%
VillainLizard
66%
His love interestsGwen Stacy
60%
Actors who played Spider-ManTom Holland
58%
VillainElectro
58%
VillainRhino
54%

Score Distribution

Percentile by Number Answered

Percent of People with Each Score

Your Score History

You have not taken this quiz